01113cam a2200241 a 450000500170000002000370001704000350005408200150008910000150010424500590011925000120017826000470019030000250023750400510026252002700031354600090058365000420059265000140063470000190064885600680066785600680073585600680080320251005105453.0 a97870199264308cTZS 92,319.094/= aMCCLbeng.eAACR 2nd. rev. ed.00a346.04 BEN1 aBently, L.10aIntellectual property law /cL. Bently and B. Sherman. a2nd ed. aOxford :bOxford University Press,cc2004. ac, 1131 p. :c25 cm. aIncludes bibliographical references and index. aThis new edition has been fully revised and updated to incorporate developments in this fast-moving area of the law. It provides a comprehensive treatment of the core areas of Intellectual Property and is useful for students at undergraduate and postgraduate levels aeng. 0aIntellectual propertyzGreat Britain. 0aCopyright1 aSherman, Brad.42uhttp://www.loc.gov/catdir/enhancements/fy0621/2004557488-d.html41uhttp://www.loc.gov/catdir/enhancements/fy0621/2004557488-t.html42uhttp://www.loc.gov/catdir/enhancements/fy0723/2004557488-b.html